Panduan lengkap MS-DOS 6

Bibliographic Details
Main Author: Goh Ong Seng
Other Authors: Mohd Najib bin Baharuddin
Format: Book
Published: s.l : Info Tech , 1993
Series:Siri kursus komputer
Subjects:

MARC

LEADER 00000cam a2200000 7i4500
001 0000004339
002 000004662
005 20080515.0
020 |a T000000354 
090 0 0 |a 005.43   |b GOH 
100 0 |a Goh Ong Seng 
245 1 0 |a Panduan lengkap MS-DOS 6   |c Goh Ong Seng dan Mohd Najib bin Badruddin 
260 |a s.l :   |b Info Tech ,   |c 1993 
300 |a 112p. ;   |c 26cm. 
490 0 |a Siri kursus komputer 
650 0 0 |a MS-DOS (Computer file) 
700 0 |a Mohd Najib bin Baharuddin 
999 |a 037386   |b BUKU   |c PINJAMAN   |e PERPUSTAKAAN KOMUNITI PETALING JAYA